00571nam a22001697a 4500999001700000008004500017082001900062245002000081260005200101300001100153650001600164650001100180650001200191700005500203942000700258952013600265 c11650d11650200724b 2003 ||||| |||| 00| 0 eng d a294.59212bSAM aSamvedabhashyam aNew DelhibManav Utthan Sankalpa Sansthanc2003 a448 p. aHindu Vedas aSamved aVedanta aVidyamartand, Swami Bramhamuni ParivrajakeSpeaker cBK 00102ddc406294_592120000000000_SAM708NFIC913286aMUbMUcGENd2020-07-24o294.59212 SAMpLBSH142r2020-07-24yBKzColumn - 80